An introduction to digital computer design / (Record no. 3966)

000 -LEADER
fixed length control field 00501nam a22001697a 4500
008 - FIXED-LENGTH DATA ELEMENTS--GENERAL INFORMATION
fixed length control field 200708b ||||| |||| 00| 0 eng d
020 ## - INTERNATIONAL STANDARD BOOK NUMBER
International Standard Book Number 0876924372
082 00 - DEWEY DECIMAL CLASSIFICATION NUMBER
Classification number 621.39
Item number R1615
100 ## - MAIN ENTRY--PERSONAL NAME
9 (RLIN) 2402
Personal name Rajaraman, V.
245 10 - TITLE STATEMENT
Title An introduction to digital computer design /
250 ## - EDITION STATEMENT
Edition statement 3rd ed.
260 ## - PUBLICATION, DISTRIBUTION, ETC. (IMPRINT)
Place of publication, distribution, etc New Delhi
Name of publisher, distributor, etc Prentice Hall
Date of publication, distribution, etc 1987
300 ## - PHYSICAL DESCRIPTION
Extent xii, 548 p.
650 #0 - SUBJECT ADDED ENTRY--TOPICAL TERM
Topical term or geographic name as entry element Electronic Digital Computers
700 ## - ADDED ENTRY--PERSONAL NAME
9 (RLIN) 2566
Personal name Radhakrishnan, T.
942 ## - ADDED ENTRY ELEMENTS (KOHA)
Item type Books
Holdings
Withdrawn status Lost status Source of classification or shelving scheme Damaged status Not for loan Permanent location Current location Date acquired Full call number Barcode Date last seen Koha item type
          IMU Kolkata IMU Kolkata 2020-07-08 621.39 R1615 07153 2020-07-08 Books
Designed and Maintained by IMU-KC Library, Kolkata Campus © Copyright All Rights Reserved

webs counters

Powered by Koha